Školiace a vzdelávacie centrum, Modra - interiér
Enregistré dans:
| Auteur principal: | |
|---|---|
| Autres auteurs: | |
| Format: | Manuscrit Livre |
| Langue: | slovaque |
| Publié: |
2025
|
| Sujets: | |
| Accès en ligne: | http://is.stuba.sk/zp/portal_zp.pl?podrobnosti=185422 |
| Tags: |
Pas de tags, Soyez le premier à ajouter un tag!
|
MARC
| LEADER | 00000ntm a22000003a 4500 | ||
|---|---|---|---|
| 001 | stuzp104488 | ||
| 003 | SK-STU | ||
| 005 | 20250607210538.7 | ||
| 007 | ta | ||
| 008 | 150427s2015----xo-----f-mn---000-0-slo-d | ||
| 040 | |a STU |b slo | ||
| 041 | 0 | |a slo | |
| 100 | 1 | |a Mozdík, Filip |u 055150 |4 aut |U FAD Fakulta architektúry a dizajnu |T FAD Ústav interiéru a výstavníctva |X 93739 |U A5150 |Y 396 |7 93739 | |
| 242 | 0 | 1 | |a Training and education center, Modra - interior |y eng |
| 245 | 1 | 0 | |a Školiace a vzdelávacie centrum, Modra - interiér |
| 260 | |c 2025 | ||
| 650 | 4 | |a interior |2 eng | |
| 650 | 4 | |a functionalism |2 eng | |
| 650 | 4 | |a classicism |2 eng | |
| 650 | 4 | |a gymnasium |2 eng | |
| 650 | 4 | |a adaptation |2 eng | |
| 650 | 4 | |a reconstruction |2 eng | |
| 650 | 4 | |a national cultural monument |2 eng | |
| 650 | 4 | |a Modra |2 eng | |
| 650 | 4 | |a interiér |2 slo | |
| 650 | 4 | |a národná kultúrna pamiatka |2 slo | |
| 650 | 4 | |a funkcionalizmus |2 slo | |
| 650 | 4 | |a klasicizmus |2 slo | |
| 650 | 4 | |a Modra |2 slo | |
| 650 | 4 | |a gymnázium |2 slo | |
| 650 | 4 | |a rekonštrukcia |2 slo | |
| 650 | 4 | |a adaptácia |2 slo | |
| 700 | 1 | |a Hronský, Michal |u 055150 |k Z1 |4 ths |U FAD Fakulta architektúry a dizajnu |T FAD Ústav interiéru a výstavníctva |X 404 |U A5150 |Y 396 |7 A000000404 | |
| 856 | 4 | |u http://is.stuba.sk/zp/portal_zp.pl?podrobnosti=185422 | |